History Quiz

Random History or State Quiz

States Obama Won Twice Quiz Stats

 Plays Quiz not verified by Sporcle

Challenge
Share
Tweet
Embed
Score 0/27 Timer 05:00
0 Plays Today
State % Correct
California
93.6%
New York
92.7%
Washington
91%
Oregon
88.8%
Illinois
88.4%
Vermont
87.1%
Maine
86.3%
New Hampshire
85.8%
Ohio
85.8%
Connecticut
84.5%
Massachusetts
84.1%
Florida
84.1%
Rhode Island
83.3%
Pennsylvania
83.3%
State % Correct
Michigan
82.8%
New Jersey
82.4%
Delaware
82%
Hawaii
81.1%
Maryland
79.4%
Wisconsin
77.7%
Virginia
77.3%
Colorado
75.1%
Minnesota
73.8%
District of Columbia
73.4%
Nevada
73%
New Mexico
72.1%
Iowa
72.1%

You're not logged in!

Compare scores with friends on all Sporcle quizzes.
Join for Free
OR
Log In

You Might Also Like...

Show Comments

Extras

Top Quizzes Today


Score Distribution

Your Account Isn't Verified!

In order to create a playlist on Sporcle, you need to verify the email address you used during registration. Go to your Sporcle Settings to finish the process.

Report this User

Report this user for behavior that violates our Community Guidelines.

Details: